| 000 | 01044nam a2200265 a 4500 | ||
|---|---|---|---|
| 001 | 39842 | ||
| 003 | BD-RjUL | ||
| 005 | 20211209053054.0 | ||
| 008 | 160419s1984 bg a||| |||| 00| 0 ben d | ||
| 020 | _c: Tk. 100.00 | ||
| 035 | _a(BD-RjUL)39956 | ||
| 040 |
_aBD-RjUL _bben _cBD-RjUL |
||
| 041 | _aben | ||
| 082 |
_223 _a531 _bALB 1984 |
||
| 100 |
_aআলী, এম ইন্নাস _9122738 |
||
| 245 | 1 | 0 |
_aবলবিদ্যা পদার্থের সাধারণ ধর্ম ও শব্দবিদ্যা / _cএম ইন্নাস আলী, সুলতান আহমদ |
| 260 |
_aঢাকা : _bবাংলা একাডেমী, _c১৯৮৪ |
||
| 300 |
_a[১০] ৫৮৭ পৃ. : _bচিত্র. ; _c২৩ সেমি. |
||
| 650 |
_aবলবিদ্যা _9122739 |
||
| 650 |
_aMechanics _9122740 |
||
| 650 |
_aশব্দবিদ্যা _9161615 |
||
| 650 |
_aSound _9161616 |
||
| 700 |
_aআহমদ, সুলতান, যুগ্ম লেখক _9122741 |
||
| 942 |
_2ddc _cBK |
||
| 999 |
_c39842 _d39842 |
||